| 000 | 00000nam 2200000zi 4500 |
| 001 | 9.926493 |
| 003 | CaOODSP |
| 005 | 20241120140500 |
| 006 | m o d f |
| 007 | cr mn||||||||| |
| 008 | 230823t20242024quca o f000 0 fre d |
| 020 | |a9780660676111 |q(PDF) |
| 020 | |a9780660676128 |q(papier) |
| 040 | |aCaOODSP|bfre|erda|cCaOODSP |
| 043 | |an-cn-yk |
| 086 | 1 |aR64-105/94-2024F-PDF |
| 086 | 1 |aR64-105/94-2024F |
| 245 | 00|aParc national et réserve de parc national du Canada Kluane : |bplan directeur. |
| 246 | 14|aParc national et réserve du Canada Kluane, site du patrimoine mondial de l'UNESCO : |bplan directeur, 2024 |
| 246 | 17|aParc national et réserve de parc national Kluane : |bplan directeur |
| 246 | 3 |aPlan directeur du parc national et réserve de parc national du Canada Kluane, 2024 |
| 264 | 1|a[Gatineau, Québec] : |bParcs Canada = Parks Canada, |c2024. |
| 264 | 4|c©2024 |
| 300 | |a1 ressource en ligne (xi, 24 pages) : |billustrations en couleur, cartes en couleur |
| 336 | |atexte|btxt|2rdacontent/fre |
| 337 | |ainformatique|bc|2rdamedia/fre |
| 338 | |aressource en ligne|bcr|2rdacarrier/fre |
| 500 | |aPublié aussi en anglais sous le titre : Kluane National Park and Reserve of Canada management plan. |
| 651 | 6|aParc national et réserve de parc national Kluane (Yukon)|xGestion. |
| 710 | 2 |aParcs Canada, |eorganisme de publication. |
| 775 | 08|tKluane National Park and Reserve of Canada management plan.|w(CaOODSP)9.926490 |
| 776 | 0#|tPlan directeur du Parc national et réserve de parc national du Kluane.|w(CaOODSP)9.926495 |
| 856 | 40|qPDF|s2.36 Mo|uhttps://publications.gc.ca/collections/collection_2024/pc/R64-105-94-2024-fra.pdf |
| 856 | 4 |qHTML|sS.O.|uhttps://parcs.canada.ca/pn-np/yt/kluane/gestion-management/plan-2024 |